| 000 | 00794nam a2200229 a 4500 | ||
|---|---|---|---|
| 005 | 20240919063919.0 | ||
| 008 | 010508s1992 mx r 000 0 spa d | ||
| 020 | _a9681637259 | ||
| 035 | _aUPN01000106182 | ||
| 049 | _aCG | ||
| 050 | 4 |
_aHC59.7 _bT3.58 |
|
| 100 | 1 | _aTaylor, Lance | |
| 245 | 1 | 0 |
_aEstabilización y crecimiento en los países en desarrollo : _bun enfoque estructuralista / _cLance Taylor ; tr. de Eduardo L. Suárez. |
| 260 |
_aMéxico : _bFCE, _c1992. |
||
| 300 | _a113 p. | ||
| 440 | 0 | _aSección de obras de economía contemporánea | |
| 534 |
_pTraducción de: _tStabilization and growth in developing countries a structuralist approach |
||
| 650 | 4 |
_aESTABILIZACION ECONOMICA _923076 |
|
| 650 | 4 | _aFINANZAS | |
| 651 | 4 |
_aPaíses en desarrollo _96572 |
|
| 905 | _aLibro | ||
| 999 |
_c80095 _d80095 |
||